Statystyki dla Piłkarze ŁKSu i Widzewa Łódź 2023/2024

Kliknij tutaj aby rozwiązać quiz!

Ogólne statystyki

  • Ten quiz został rozwiązany 73 razy
    (66 od ostatniego zresetowania)
  • Średni wynik to 28 z 60

Statystyki odpowiedzi

ŁKSZawodnik% Poprawnych
bramkarzHenrich Ravas
87%
napastnikBartłomiej Pawłowski
81%
bramkarzAleksander Bobek
77%
napastnikJordi Sánchez
77%
pomocnikDominik Kun
69%
napastnikKay Tejan
69%
obrońcaMateusz Żyro
69%
obrońcaLuís Silva
65%
obrońcaPatryk Stępiński
63%
obrońcaPaweł Zieliński
63%
pomocnikAntoni Klimek
60%
bramkarzDawid Arndt
60%
napastnikPirulo
60%
obrońcaAndrejs Cigaņiks
58%
napastnikFábio Nunes
58%
pomocnikFran Álvarez
58%
pomocnikMarek Hanousek
58%
obrońcaSerafin Szota
58%
bramkarzJan Krzywański
56%
obrońcaJuan Ibiza
56%
obrońcaAdam Marciniak
54%
pomocnikDani Ramírez
54%
pomocnikErnest Terpiłowski
54%
napastnikImad Rondić
54%
bramkarzJakub Szymański
52%
obrońcaMato Miloš
50%
pomocnikDawid Tkacz
48%
pomocnikFilip Przybułek
48%
pomocnikEngjëll Hoti
46%
pomocnikIgnacy Dawid
44%
pomocnikJakub Letniowski
44%
obrońcaMarcin Flis
44%
napastnikPiotr Janczukowicz
44%
napastnikBartosz Szeliga
42%
pomocnikJuljan Shehu
42%
obrońcaLevent Gülen
42%
bramkarzMichał Kołba
42%
obrońcaNacho Monsalve
42%
obrońcaPiotr Głowacki
42%
pomocnikSebastian Kerk
42%
napastnikJędrzej Zając
38%
pomocnikPaweł Kwiatkowski
38%
pomocnikAntoni Młynarczyk
37%
obrońcaKamil Dankowski
37%
pomocnikMichał Mokrzycki
37%
napastnikStipe Jurić
37%
pomocnikAdrian Małachowski
35%
obrońcaAdrien Louveau
33%
napastnikAnton Fase
31%
pomocnikJan Łabędzki
31%
obrońcaOskar Koprowski
29%
napastnikNelson Balongo
27%
obrońcaArtemijus Tutyškinas
25%
pomocnikMaciej Śliwa
25%
napastnikGrzegorz Glapka
21%
pomocnikMieszko Lorenc
21%
pomocnikKristoffer Hansen
19%
napastnikKelechukwu Ibe-Torti
17%
pomocnikRicardo Gonçalves
17%
pomocnikVladyslav Okhronchuk
2%

Rozkład punktacji

Percentyl według liczby udzielonych odpowiedzi

Procent ludzi z każdym wynikiem

Twoja historia wyników

Nie rozwiązałeś tego quizu od ostatniego zresetowania